000 01113nam a2200241 a 4500
003 AM-YEHGA
005 20250618070905.0
008 981214s1937 ai ||||gr|||||||||1|arm|d
040 _aAM-YeHGA
041 1 _aarm
_hfre
100 1 _aՊրևո, Աբբա
_95329
245 1 0 _aՄանոն Լեսկոյի և ասպետ դե Գրիոյի պատմությունը /
_cԱբբա Պրևո ; Ֆրանս. թարգմ.՝ Վ. Գիլանյան ; Առաջաբ. հեղ.՝ Ա.Կ. Վինոգրադով ; Նկ.՝ Հ. Կոջոյան.
260 _aՅերևան ;
_aՄոսկվա :
_bՀայպետհրատ,
_c1937.
300 _axv + 254 էջ ։
_bնկարազարդումներ ;
_c23 սմ.
500 _aԾանոթագր., էջ՝ 253-254
650 1 4 _aՖրանսիական գրականություն
_94810
653 0 _aՍիրավեպ
700 1 _aԳիլանյան, Վ.
_eթարգմ.
_4trl
700 1 _aԿոջոյան, Հակոբ Կարապետի,
_d1883-1959
_eնկ.
_4art
_91540
856 4 _uhttps://arar.sci.am/dlibra/publication/292957/edition/268973/content
_yԿարդալ առցանց
942 _2udc
_cBK
090 _c11286
999 _c11199
_d11199